000
00299nam a2200121Ia 4500
008
220204s9999 xx 000 0 und d
082
_a
628
_b
DES
100
_a
R S
245
0
_a
Textbook of sanitary engineering
260
_a
Poona
_b
United Book
_c
1951
650
_a
Sanitary engineering
942
_c
BK
999
_c
23075
_d
23075